Una epifanía escueta (Record no. 185346)

MARC details
000 -LEADER
campo de control de longitud fija 00872nam a2200229 i 4500
001 - NÚMERO DE CONTROL
campo de control 185346
003 - IDENTIFICADOR DE NÚMERO DE CONTROL
campo de control SpMaBN
005 - FECHA Y HORA DE LA ÚLTIMA TRANSACCIÓN
campo de control 20251103210616.0
008 - DATOS DE LONGITUD FIJA--INFORMACIÓN GENERAL
campo de control de longitud fija 160523s2015 sp |||| |dspa d
020 ## - NÚMERO INTERNACIONAL ESTÁNDAR DEL LIBRO
Número Internacional Estándar del Libro 978-84-15484-93-6
080 ## - NÚMERO DE LA CLASIFICACIÓN DECIMAL UNIVERSAL
Número de la Clasificación Decimal Universal 821.134.2 González Fuentes, Juan Antonio 1.07
245 04 - MENCIÓN DEL TÍTULO
Título Una epifanía escueta
Resto del título : poesía y poética de Juan Antonio González Fuentes /
Mención de responsabilidad, etc. Philippe Merlo Morat, Claudie Terrason (eds.).
260 ## - PUBLICACIÓN, DISTRIBUCIÓN, ETC.
Lugar de publicación, distribución, etc. Santander :
Nombre del editor, distribuidor, etc. Tantín,
Fecha de publicación, distribución, etc. 2015.
300 ## - DESCRIPCIÓN FÍSICA
Extensión 263 p. ;
Dimensiones 21 cm.
500 ## - NOTA GENERAL
Nota general Índice.
600 17 - PUNTO DE ACCESO ADICIONAL DE MATERIA--NOMBRE DE PERSONA
Nombre de persona González Fuentes, Juan Antonio,
Fechas asociadas al nombre 1964-
Subdivisión general Crítica e interpretación
Fuente del encabezamiento o término
9 (RLIN) 159617
700 1# - ENTRADA AGREGADA--NOMBRE PERSONAL
Nombre de persona Merlo-Morat, Philippe,
Fechas asociadas al nombre 1976-
9 (RLIN) 159618
700 1# - ENTRADA AGREGADA--NOMBRE PERSONAL
Nombre de persona Terrason, Claudie,
Fechas asociadas al nombre 1953-
9 (RLIN) 159619
852 ## - LOCALIZACIÓN
Ubicación ES-MaACL
Número de control de estantería A-13777
itemnumber 192372
Sublocalización o colección R.151070
Ubicación en estantería Depósito 1
Signatura antigua Olim: N-6777
942 ## - ELEMENTOS DE ENTRADA SECUNDARIOS (KOHA)
Fuente del sistema de clasificación o colocación Clasificación decimal universal
Tipo de ítem Koha Libro impreso
Holdings
Estatus retirado Estado de pérdida Fuente del sistema de clasificación o colocación Estado de daño No para préstamo Biblioteca de origen Biblioteca actual Ubicación en estantería Fecha de adquisición Fuente de adquisición Total de préstamos Signatura topográfica completa Código de barras Visto por última vez Precio de reemplazo Tipo de ítem Koha
    Clasificación decimal universal     Biblioteca del Ateneo de Madrid Biblioteca del Ateneo de Madrid Depósito 1 23/05/2016 Donación   A-13777 1195273 23/02/2023 23/02/2023 Libro impreso